| 000 | 00422nam a2200109 4500 | ||
|---|---|---|---|
| 008 | 010211u2001 mu eng | ||
| 100 | 0 | _aAnunciacion R. Menez | |
| 245 | 1 | 0 |
_aEducation Quarterly / _cAnunciacion R. Menez |
| 260 |
_aUniversity of the Philippines, Quezo City : _bCollege of Education University of the Philpines, _c2001 |
||
| 440 | 0 | _aEducation Quarterly | |
| 951 |
_pSRS000000000072 _j070613110955296 _d2000-12-21 |
||
| 999 |
_c3634 _d3634 |
||